Colossians : Christ above all / (Record no. 4228)

MARC details
000 -LEADER
fixed length control field 00798cam a2200265 a 4500
001 - CONTROL NUMBER
control field 117442
003 - CONTROL NUMBER IDENTIFIER
control field GBCCL
005 - DATE AND TIME OF LATEST TRANSACTION
control field 20241126110514.0
008 - FIXED-LENGTH DATA ELEMENTS--GENERAL INFORMATION
fixed length control field 781002s1973 tnua 000 0 eng d
035 ## - SYSTEM CONTROL NUMBER
System control number (OCoLC)ocm04266686
040 ## - CATALOGING SOURCE
Original cataloging agency TSW
Transcribing agency TSW
Modifying agency LGV
-- LBB
049 ## -
-- LBBK
082 04 - DEWEY DECIMAL CLASSIFICATION NUMBER
Classification number 227.7
Item number SON
090 ## - LOCALLY ASSIGNED LC-TYPE CALL NUMBER (OCLC); LOCAL CALL NUMBER (RLIN)
Classification number (OCLC) (R) ; Classification number, CALL (RLIN) (NR) BS2715.5
Local cutter number (OCLC) ; Book number/undivided call number, CALL (RLIN) .S654 1973
100 1# - MAIN ENTRY--PERSONAL NAME
Personal name Songer, Harold S.
9 (RLIN) 8019
245 10 - TITLE STATEMENT
Title Colossians : Christ above all /
Statement of responsibility, etc. Harold S. Songer.
260 ## - PUBLICATION, DISTRIBUTION, ETC.
Place of publication, distribution, etc. Nashville, TN :
Name of publisher, distributor, etc. Convention Press,
Date of publication, distribution, etc. c1973.
300 ## - PHYSICAL DESCRIPTION
Extent 143 p. :ill. ;
Dimensions 21 cm.
490 0# - SERIES STATEMENT
Series statement Sunday School extension activities
630 00 - SUBJECT ADDED ENTRY--UNIFORM TITLE
Uniform title Bible.
Name of part/section of a work N.T.
-- Colossians
General subdivision Study and teaching.
9 (RLIN) 8020
700 1# - ADDED ENTRY--PERSONAL NAME
Personal name Jones, J. Estill.
9 (RLIN) 8021
700 1# - ADDED ENTRY--PERSONAL NAME
Personal name Coleman, Lucien E.
9 (RLIN) 8022
700 1# - ADDED ENTRY--PERSONAL NAME
Personal name Murray, Ralph L.
9 (RLIN) 8023
942 ## - ADDED ENTRY ELEMENTS (KOHA)
Source of classification or shelving scheme Dewey Decimal Classification
Koha item type Books
Koha issues (borrowed), all copies 6
Holdings
Withdrawn status Lost status Source of classification or shelving scheme Damaged status Not for loan Home library Current Library Shelving location Date acquired Total checkouts Full call number Barcode Date last seen Date last checked out Copy number Price effective from Koha item type Total renewals
    Dewey Decimal Classification     GRACE BIBLE COLLEGE GRACE BIBLE COLLEGE Biblical Studies 2018-01-17 1 227.7 SON 011207 2025-05-01 2020-02-28 c.1 2018-01-17 Books  
    Dewey Decimal Classification     GRACE BIBLE COLLEGE GRACE BIBLE COLLEGE Biblical Studies 2018-01-17 2 227.7 SON 011208 2025-05-01 2020-01-31 c.2 2018-01-17 Books 1
    Dewey Decimal Classification     GRACE BIBLE COLLEGE GRACE BIBLE COLLEGE Biblical Studies 2018-01-17   227.7 SON 011209 2025-05-01   c.3 2018-01-17 Books  
    Dewey Decimal Classification     GRACE BIBLE COLLEGE GRACE BIBLE COLLEGE Biblical Studies 2018-01-17 3 227.7 SON 011210 2025-05-01 2020-02-14 c.4 2018-01-17 Books  
© Grace Bible College Library 2025